|
|
|
|
| LEADER |
00000cam a2200000 7i4500 |
| 001 |
0000021155 |
| 005 |
20120710.0 |
| 008 |
071205 |
| 040 |
|
|
|a INS
|
| 090 |
0 |
0 |
|a DS597.2
|b J45 2007
|
| 110 |
1 |
|
|a Malaysia
|c Kementerian Kebudayaan Kesenian dan Warisan Malaysia
|
| 245 |
1 |
0 |
|a Jejak-jejak merdeka [
|h poskad]
|c Kementerian Kebudayaan Kesenian dan Warisan Malaysia
|
| 260 |
|
|
|a Kuala Lumpur :
|b Kementerian Kebudayaan Kesenian dan Warisan Malaysia (KEKWA) ,
|c 2007
|
| 300 |
|
|
|a 12 postcards :
|b col ;
|c 12cm x 17cm.
|
| 650 |
0 |
0 |
|a Independence Day (Malaysia)
|x Pictorial work
|
| 651 |
|
0 |
|a Malaysia
|x History
|x Pictorial work
|
| 651 |
|
0 |
|a Malaysia
|x Politics and government
|
| 999 |
|
|
|a 0000019666
|b BOOK
|c Open Shelf
|e Default branch
|